[Event "Baltic Sea Cup"]
[Site "Ronne"]
[Date "2007.08.02"]
[Round "5.49"]
[White "Olsen, Lars Moller"]
[Black "Kallenbach, Uffe"]
[Result "1-0"]
[WhiteElo "1961"]
[BlackElo "1596"]
[PlyCount "51"]
[EventDate "2007.07.30"]
[EventType "swiss"]
[EventRounds "9"]
[EventCountry "DEN"]
[SourceTitle "EXT 2023"]
[Source "ChessBase"]
[SourceDate "2022.10.05"]
[SourceVersion "1"]
[SourceVersionDate "2022.10.05"]
[SourceQuality "1"]

1. d4 Nf6 2. c4 e6 3. g3 d5 4. Bg2 c6 5. Nf3 Nbd7 6. b3 Bd6 7. 0-0 0-0 8. Bb2 Re8 9. Nc3 Rb8 10. Re1 b6 11. cxd5 exd5 12. Nd2 Nf8 13. e4 dxe4 14. Ncxe4 Nxe4 15. Nxe4 Bb4 16. Re3 Be6 17. d5 cxd5 18. Qd4 f6 19. Qxb4 dxe4 20. Bxe4 Rc8 21. Qe1 Bf7 22. Rd1 Qc7 23. Rd2 Ne6 24. Bd5 Ng5 25. Rxe8+ Rxe8 26. Qxe8# 1-0

[Event "Baltic Sea Cup"]
[Site "Ronne"]
[Date "2007.07.30"]
[Round "1.24"]
[White "Kleiman, Jake"]
[Black "Olsen, Lars Moller"]
[Result "1-0"]
[WhiteElo "2312"]
[BlackElo "1961"]
[PlyCount "57"]
[EventDate "2007.07.30"]
[EventType "swiss"]
[EventRounds "9"]
[EventCountry "DEN"]
[SourceTitle "EXT 2023"]
[Source "ChessBase"]
[SourceDate "2022.10.05"]
[SourceVersion "1"]
[SourceVersionDate "2022.10.05"]
[SourceQuality "1"]

1. e4 Nf6 2. e5 Nd5 3. d4 d6 4. Nf3 Bg4 5. Be2 e6 6. 0-0 Nc6 7. exd6 cxd6 8. c4 Nb6 9. d5 exd5 10. cxd5 Bxf3 11. Bxf3 Ne5 12. Be4 Be7 13. a4 Bf6 14. Qh5 g6 15. Qe2 0-0 16. a5 Nc8 17. Nc3 Bg7 18. f4 Nd7 19. Bf3 Nc5 20. Qc4 Re8 21. Bd2 Qf6 22. Nb5 Rb8 23. b4 Nd7 24. Qc7 a6 25. Qxd7 Rd8 26. Qc7 axb5 27. Qxb8 Qd4+ 28. Kh1 Qxd2 29. Rac1 1-0

[Event "Lovfalds EMT 20th C"]
[Site "Ringsted"]
[Date "2006.09.17"]
[Round "5"]
[White "Olsen, Lars Moller"]
[Black "Madsen, Morten"]
[Result "1/2-1/2"]
[WhiteElo "1801"]
[BlackElo "1853"]
[PlyCount "86"]
[EventDate "2006.09.15"]
[EventType "tourn"]
[EventRounds "5"]
[EventCountry "DEN"]
[SourceTitle "EXT 2023"]
[Source "ChessBase"]
[SourceDate "2022.10.05"]
[SourceVersion "1"]
[SourceVersionDate "2022.10.05"]
[SourceQuality "1"]

1. d4 c5 2. Nf3 cxd4 3. Nxd4 g6 4. c4 Nc6 5. Nc3 Bg7 6. e3 Nf6 7. b3 0-0 8. Bb2 d6 9. Be2 a6 10. 0-0 Qa5 11. Bf3 Nxd4 12. exd4 Rb8 13. Re1 Re8 14. a3 h5 15. Ne4 Nxe4 16. Bxe4 Bd7 17. Qc2 Qg5 18. Rad1 h4 19. Bc1 Qh5 20. Bf3 Bg4 21. Bxg4 Qxg4 22. Re4 Qh5 23. Qe2 Qxe2 24. Rxe2 Bf6 25. d5 b5 26. cxb5 Rxb5 27. b4 Rc8 28. Ree1 a5 29. bxa5 Rxa5 30. Kf1 Kf8 31. Rd3 Rcc5 32. Red1 Rc2 33. Bd2 Ra4 34. Bb4 Ra2 35. R3d2 Rxd2 36. Rxd2 Kg7 37. Ke2 Be5 38. h3 Kf6 39. Kd3 Bf4 40. Rd1 e6 41. dxe6 fxe6 42. Kc4 d5+ 43. Kb3 Ra8 1/2-1/2